000 00447nam a2200181Ia 4500
008 090124s9999 xx 000 0 und d
082 _b129489
100 _aबापट मुकुंद
245 _a जीवन
250 _a1
260 _c1999
300 _a190
600 _aबापट मुकुंद
630 _a जीवन
700 _aबापट मुकुंद
730 _a जीवन
942 _cBOOK
999 _c175578
_d175578